[Event "ESP-ch op"]
[Site "Seville"]
[Date "2004.08.14"]
[Round "2"]
[White "Gonzalez de la Torre, Santiago"]
[Black "Romero Calderon, Carlos"]
[Result "1-0"]
[WhiteElo "2358"]
[BlackElo "2113"]
[PlyCount "49"]
[EventDate "2004.08.13"]
[EventType "swiss"]
[EventRounds "9"]
[EventCountry "ESP"]
[SourceTitle "CBM 101 Extra"]
[Source "ChessBase"]
[SourceDate "2004.09.01"]
[SourceVersion "2"]
[SourceVersionDate "2004.09.01"]
[SourceQuality "1"]

1. e4 c5 2. Nf3 d6 3. d4 cxd4 4. Nxd4 Nf6 5. Nc3 g6 6. Be3 Bg7 7. h3 0-0 8. Bc4 Nc6 9. Bb3 Na5 10. 0-0 Nxb3 11. axb3 a6 12. Re1 Bd7 13. Qd2 Nh5 14. Rad1 f5 15. exf5 gxf5 16. Bg5 Nf6 17. Ne6 Bxe6 18. Rxe6 Qd7 19. Rde1 Rae8 20. Bxf6 Rxf6 21. Qd5 Kh8 22. Rxf6 Bxf6 23. Re6 f4 24. Ne4 Be5 25. Rxe5 1-0

[Event "ESP-ch"]
[Site "Linares"]
[Date "1998.08.18"]
[Round "7"]
[White "Romero Calderon, Carlos"]
[Black "Lopez Martinez, Josep Manuel"]
[Result "1/2-1/2"]
[WhiteElo "2075"]
[BlackElo "2350"]
[PlyCount "41"]
[EventDate "1998.08.??"]
[EventType "swiss"]
[EventRounds "9"]
[EventCountry "ESP"]
[SourceTitle "EXT 1999"]
[Source "ChessBase"]
[SourceDate "1998.11.16"]
[SourceVersion "1"]
[SourceVersionDate "1998.11.16"]
[SourceQuality "1"]

1. e4 d5 2. exd5 Qxd5 3. Nc3 Qa5 4. d4 Nf6 5. Bd2 c6 6. Bc4 Bf5 7. Nf3 Nbd7 8. Qe2 Qc7 9. Ne5 e6 10. 0-0 Bd6 11. Bf4 0-0 12. Bg3 a6 13. a3 Rad8 14. Rfe1 c5 15. d5 exd5 16. Nxd7 Qxd7 17. Bxd6 Qxd6 18. Bd3 Bxd3 19. Qxd3 Rfe8 20. Red1 Qe6 21. h3 1/2-1/2

[Event "Barcelona La Lira op"]
[Site "Barcelona"]
[Date "1995.??.??"]
[Round "5"]
[White "Castillo Garcia, Elias"]
[Black "Romero Calderon, Carlos"]
[Result "0-1"]
[WhiteElo "2000"]
[BlackElo "2085"]
[PlyCount "72"]
[EventDate "1995.04.??"]
[EventType "swiss"]
[EventRounds "9"]
[EventCountry "ESP"]
[SourceTitle "EXT 2003"]
[Source "ChessBase"]
[SourceDate "2002.11.25"]
[SourceVersion "1"]
[SourceVersionDate "2002.11.25"]
[SourceQuality "1"]

1. Nf3 d5 2. c4 Nf6 3. cxd5 Nxd5 4. Nc3 Nc6 5. e4 Nf6 6. h3 e5 7. Bc4 Bc5 8. 0-0 0-0 9. a3 a5 10. d3 h6 11. Ne1 Qe7 12. Nc2 Be6 13. Qe2 Bxc4 14. dxc4 Nd4 15. Nxd4 exd4 16. Nd5 Nxd5 17. cxd5 f5 18. e5 Rad8 19. Qc4 b5 20. d6+ bxc4 21. dxe7 Bxe7 22. Bd2 Rd5 23. f4 Rb8 24. Rab1 Rdb5 25. a4 Rxb2 26. Rxb2 Rxb2 27. Bxa5 c6 28. Rc1 c3 29. Bxc3 dxc3 30. Rxc3 c5 31. Rd3 c4 32. Rd7 c3 33. Rc7 c2 34. Kh2 Bb4 35. Kg3 Rb3+ 36. Kh4 Rc3 0-1

[Event "Barcelona La Lira op"]
[Site "Barcelona"]
[Date "1995.??.??"]
[Round "1"]
[White "Romero Calderon, Carlos"]
[Black "Escanes Garcia, David"]
[Result "1-0"]
[WhiteElo "2080"]
[BlackElo "2000"]
[PlyCount "51"]
[EventDate "1995.04.??"]
[EventType "swiss"]
[EventRounds "9"]
[EventCountry "ESP"]
[SourceTitle "EXT 2003"]
[Source "ChessBase"]
[SourceDate "2002.11.25"]
[SourceVersion "1"]
[SourceVersionDate "2002.11.25"]
[SourceQuality "1"]

1. d4 d5 2. c4 dxc4 3. Nc3 Nf6 4. e4 c5 5. Nf3 cxd4 6. Qxd4 Qxd4 7. Nxd4 e5 8. Ndb5 Na6 9. Bxc4 Bb4 10. 0-0 Bxc3 11. Nxc3 Nc5 12. f4 0-0 13. fxe5 Nfxe4 14. Nxe4 Nxe4 15. Be3 h6 16. Rxf7 Rxf7 17. Rf1 Nf6 18. exf6 g5 19. Rd1 Bf5 20. Bxa7 b5 21. Bxf7+ Kxf7 22. Bd4 Rxa2 23. Rc1 Be6 24. Rc7+ Kg8 25. Rg7+ Kf8 26. Bc5+ 1-0

[Event "Barcelona La Lira op"]
[Site "Barcelona"]
[Date "1995.??.??"]
[Round "6"]
[White "Romero Calderon, Carlos"]
[Black "Sala Tusquellas, Jordi"]
[Result "1-0"]
[WhiteElo "2085"]
[BlackElo "2130"]
[PlyCount "51"]
[EventDate "1995.04.??"]
[EventType "swiss"]
[EventRounds "9"]
[EventCountry "ESP"]
[SourceTitle "EXT 2003"]
[Source "ChessBase"]
[SourceDate "2002.11.25"]
[SourceVersion "1"]
[SourceVersionDate "2002.11.25"]
[SourceQuality "1"]

1. d4 Nf6 2. c4 c5 3. d5 b5 4. cxb5 a6 5. e3 axb5 6. Bxb5 Qa5+ 7. Nc3 Bb7 8. Bd2 Qb6 9. Qb3 e6 10. e4 Nxe4 11. Nxe4 Bxd5 12. Qd3 Qb7 13. f3 c4 14. Bxc4 Bxc4 15. Qxc4 d5 16. Qc2 dxe4 17. fxe4 Nd7 18. Nf3 Bc5 19. Bc3 0-0 20. Bd4 Bxd4 21. Nxd4 Rfc8 22. Qe2 Ra4 23. Rd1 Rcc4 24. 0-0 Rxd4 25. Rxd4 Rxd4 26. Qf2 1-0